000 00970nas a2200325 4500
001 BR0602048
003 BR-BrBNA
005 20231205110017.0
007 ta
008 230509b bl.|||p| |||| 00| 00por d
040 _aBR-BrBNA
_bpor
_cBiblioteca Nacional de Agricultura
041 _a(Pt)
072 _aF03; H20
100 1 _aGalli, J.A.
100 1 _aPanizzi, R. de C.
100 1 _aFessel, S.A.
100 1 _aSimoni, F. de
100 1 _aFumikoito, M.
245 1 _aEfeito de Colletotrichum dematium Var. Truncata e Cercospora kikuchii na germinação de sementes de soja
650 _aSOJA
650 _aSEMENTE
650 _aGERMINAÇÃO
650 _aCOLLETOTRICHUM DEMATIUM
650 _aFUNGO
650 _aCERCOSPORA KIKUCHII
650 _aMANCHA PURPURA
773 0 _tRevista Brasileira de Sementes (Brazil)
_xISSN 0101-3122
_g(2005), v. 27(2) p. 182-187
_wBR0602048
909 _a202311
_bLúcia
_c55
_dLúcia Elande
942 _2AGRIS
_n0
_cANA
999 _c185797
_d185797